000 00670nam a2200181Ia 4500
003 GCL
008 140319s9999 xx 000 0 ara d
040 _aGCL /
_cGCL
082 0 4 _aم
_b953.0721
_bر ا
100 1 _aعبدالرحمن ابن زيدان
245 1 0 _aاتحاف اعلام الناس /
_cعبدالرحمن ابن زيدان
260 _a[S.N] :
_bدار الكتب المصرية ،
_c1930
490 _aشكاوى المصرى الفصيح
_v0
650 0 4 _aالتاريخ الاسلامى - المغرب
650 0 4 _aالمغرب - تاريخ - العصر الاسلامى
650 0 4 _aمكناس (المغرب)- تاريخ
942 _2ddc
_cREF
999 _c59377
_d59377